| Поле | Инд. | ПП | Название | Значение |
|---|---|---|---|---|
| Тип записи | a | |||
| Библиографический уровень | m | |||
| 001 | Контрольный номер | RU/LIBMSTU/293214920 | ||
| 005 | Дата корректировки | 20140505130305.1 | ||
| 008 | Кодируемые данные | 090420|||||||||ru |||||||||||000|||rus|| | ||
| 020 | a | ISBN | 978-5-16-003390-7 | |
| c | Цена, тираж | 258-83 | ||
| 040 | b | Код языка каталог. | rus | |
| 041 | a | Код языка текста | rus | |
| 084 | a | Индекс другой классификации/Индекс ББК | 65я2 | |
| 090 | a | Полочн. индекс | 65я2 | |
| x | Авторский знак | Р 18 | ||
| 100 | 1_ | a | Автор | Райзберг Б. А. |
| 245 | 10 | a | Заглавие | Современный экономический словарь |
| c | Ответственность | под общ. ред. Б. А. Райзберга | ||
| 250 | a | Основные сведения об издании | 6-е изд., перераб. и доп. | |
| 260 | a | Место издания | Москва | |
| b | Издательство | Инфра-М | ||
| c | Дата издания | 2008 | ||
| 300 | a | Объем | 511, [1] c. | |
| 440 | a | Серия | Библиотека словарей "Инфра-М" | |
| 650 | a | Основная рубрика | Экономика-Словари | |
| 653 | a | Ключевые слова | Экономика | |
| 653 | 1_ | a | Ключевые слова | Словари |
| 700 | a | Другие авторы | Лозовский Л. Ш. | |
| 700 | 1_ | a | Другие авторы | Стародубцева Е. Б. |
| 700 | 1_ | a | Другие авторы | Райзберг Б. А. |
| e | Роль лиц | ред. | ||
| 901 | t | Тип документа | m |